00912nam a22002657a 450000500170000000800410001701000100005801100100006803500100007808200170008811000760010524500850018126000420026630000090030850000130031759000410033059000410037159000420041265000320045465000320048665000470051890100070056594900570057299900170062920220329141238.0971010s1977 r 00010 d a65041 a66013 a73834 a630.72bI48v aINIA. México. Campo Agrícola Experimental Valle del Guadiana958532 aGuía para la asistencia técnica agrícola área de influencia del campo... aMéxico, D.F. :bEl Instituto,c1977 a67 p a1992-171 aBATCH-UPDb10c20130110lUCH01h1156 aBATCH-UPDb10c20130410lUCH01h0739 aCONVERSIONb10c20130109lUCH01h133514aAgriculturaxDurango.9140714aAgriculturaxDurango.9140714aAgriculturaxInvestigacionxDurango.91619 aBK a630.72 I48vbEAcLIBROd-6655eLIBROh4819i73834si c65041d65041